Culture Générale - Série 1137 - Statistiques

Statistiques générales
  • Ce quiz a été pris 95 fois
  • Le résultat moyen est 6 sur 10
Statistiques - réponses
Question Réponse % Correct
Quelle sorte d'étui peut être de "toilette", "de secours", "de chirurgien" ou d'"écolier" ? trousse
95%
En 1986, dans sa chanson, Lio nous rappelait que "Les brunes comptent pas pour... des prunes
90%
De quelqu'un qui a un nom difficile à prononcer ou à retenir, on dit familièrement qu'il a "un nom à coucher... dehors
86%
Quelles substances naturelles, utilisées contre les infections bactériennes, ne sont pas "automatiques" selon le slogan de la Caisse nationale d'assurance maladie ? antibiotiques
84%
Quelle planète, la sixième du Système solaire, doit son nom à celui du dieu romain des Semailles et de la Vieillesse ? Saturne
78%
Présent sur de nombreux objets du quotidien, que signifie le logo "NF", ? Norme française
64%
Quel mot qualifie ou désigne le pétrole non raffiné ? brut
44%
Dans le dessin animé "Peter Pan" de Walt Disney, quelle héroïne est la grande soeur de Jean et Michel ? Wendy
42%
Quel mot, tiré de l'italien, désigne la chaussure très fine, qui laisse le cou-de-pied découvert et dont la semelle est très mince ? escarpin
33%
Dans une pièce de Shakespeare, la bien-aimée de Hamlet qui se suicide s'appelle... Ophélie
13%
Aucun quiz correspondant
Distribution des résultats
% des personnes avec chaque résultat
Percentile par nombre de réponses
Votre historique - résultats
Vous n’avez pas pris ce quiz